00298nam a2200121Ia 4500008004100000100002400041245002700065260003200092300000800124650002000132942000700152999001700159190216s9999||||xx |||||||||||||| ||und|| aSardar Panikkar.K.M 0aDhoomaketuvinte Udayam bPoorna Pubs Kozhikodec1929 a210 aMalayalam Novel cBK c27037d27037